Endometriosis : a comprehensive guide to all treatment options (Record no. 31348)
[ view plain ]
| 000 -LEADER | |
|---|---|
| fixed length control field | 00683nam a2200181 a 4500 |
| 008 - FIXED-LENGTH DATA ELEMENTS--GENERAL INFORMATION | |
| fixed length control field | 191202s2005 ||||||||||||||||| || u |
| 020 ## - INTERNATIONAL STANDARD BOOK NUMBER | |
| International Standard Book Number | 9780749927059 |
| 050 ## - LIBRARY OF CONGRESS CALL NUMBER | |
| Classification number | RG 483 Eva |
| 100 ## - MAIN ENTRY--PERSONAL NAME | |
| Personal name | Evans, Susan A |
| 245 10 - TITLE STATEMENT | |
| Title | Endometriosis : a comprehensive guide to all treatment options |
| Statement of responsibility, etc. | By susan Evans |
| 260 ## - PUBLICATION, DISTRIBUTION, ETC. | |
| Place of publication, distribution, etc. | London |
| Name of publisher, distributor, etc. | Piatkus |
| Date of publication, distribution, etc. | 2005 |
| 300 ## - PHYSICAL DESCRIPTION | |
| Extent | viii, 296 pages : illustrations |
| 350 ## - | |
| -- | 32.11 |
| 650 ## - SUBJECT ADDED ENTRY--TOPICAL TERM | |
| Topical term or geographic name entry element | ENDOMETRIOSIS |
| 650 ## - SUBJECT ADDED ENTRY--TOPICAL TERM | |
| Topical term or geographic name entry element | PELVIC PAIN |
| 650 ## - SUBJECT ADDED ENTRY--TOPICAL TERM | |
| Topical term or geographic name entry element | ENDOMETRIOSIS--TREATMENT |
| 995 ## - | |
| -- | MEDICAL LIBRARY OPEN ACCESS |
| -- | 904555 |
| -- | CBU-SCHOOL OF MEDICINE LIBRARY (Ndola) |
| -- | 32.11 |
| -- | RG 483 Eva |
| -- | 1 |
| -- | AVAILABLE |
| -- | Dec 5, 2019 |
| -- | 904555 |
| -- | Main Library Open Access Collection |
| 999 ## - | |
| -- | 31348 |
| -- | 31348 |
| Withdrawn status | Lost status | Source of classification or shelving scheme | Damaged status | Not for loan | Permanent Location | Current Location | Shelving location | Date acquired | Total Checkouts | Full call number | Barcode | Date last seen | Price effective from | Koha item type |
|---|---|---|---|---|---|---|---|---|---|---|---|---|---|---|
| CBU-SCHOOL OF MEDICINE LIBRARY, NDOLA. | CBU-SCHOOL OF MEDICINE LIBRARY, NDOLA. | 11/30/2022 | RG 483 Eva | 904555 | 11/30/2022 | 11/30/2022 | MONOGRAPH |